[Event "UKR-ch U20"]
[Site "Mykolaiv"]
[Date "2018.02.28"]
[Round "8"]
[White "Danilov, Leonid"]
[Black "Osmak, Iulija"]
[Result "1/2-1/2"]
[WhiteElo "2126"]
[BlackElo "2375"]
[PlyCount "98"]
[EventDate "2018.02.21"]
[EventType "swiss"]
[EventRounds "9"]
[EventCountry "UKR"]
[SourceTitle "CBM 183 Extra"]
[Source "ChessBase"]
[SourceDate "2018.04.19"]
[SourceVersion "1"]
[SourceVersionDate "2018.04.19"]
[SourceQuality "1"]

1. e4 e6 2. d4 d5 3. Bd3 dxe4 4. Bxe4 Nf6 5. Bf3 c5 6. Ne2 a6 7. 0-0 cxd4 8. Nxd4 Bd6 9. Re1 0-0 10. Bg5 h6 11. Bh4 Qc7 12. Bxf6 gxf6 13. g3 Rd8 14. Qe2 Bf8 15. c3 Bd7 16. Nd2 Nc6 17. Nxc6 Bxc6 18. Bxc6 Qxc6 19. Rad1 Bg7 20. Qc4 Qd5 21. Qxd5 Rxd5 22. Nc4 Rad8 23. Ne3 Rd2 24. Kf1 Kf8 25. Rxd2 Rxd2 26. Re2 Rd7 27. Ke1 f5 28. Rd2 Rc7 29. Ke2 Ke7 30. Kd3 Bf6 31. Kc2 Rc5 32. a3 Rc8 33. Kb3 h5 34. Ka4 h4 35. Ka5 Rc6 36. c4 hxg3 37. hxg3 Be5 38. b4 f4 39. gxf4 Bxf4 40. c5 f5 41. Rd4 Bc7+ 42. Ka4 b6 43. cxb6 Bxb6 44. Rd3 Rc1 45. f3 Bc7 46. Kb3 Rb1+ 47. Kc4 Bd6 48. Nc2 Rc1 49. Kb3 Be5 1/2-1/2

[Event "Volchok Memorial"]
[Site "Mykolaiv"]
[Date "2017.06.26"]
[Round "8"]
[White "Punin, Andrii"]
[Black "Danilov, Leonid"]
[Result "1-0"]
[WhiteElo "2256"]
[BlackElo "2154"]
[PlyCount "100"]
[EventDate "2017.06.21"]
[EventType "swiss"]
[EventRounds "9"]
[EventCountry "UKR"]
[SourceTitle "CBM 179 Extra"]
[Source "ChessBase"]
[SourceDate "2017.08.23"]
[SourceVersion "1"]
[SourceVersionDate "2017.08.23"]
[SourceQuality "1"]

1. e4 c5 2. Nf3 Nc6 3. Bb5 e6 4. Bxc6 dxc6 5. d3 Nf6 6. Nc3 Qc7 7. 0-0 e5 8. h3 Be7 9. b3 h6 10. Ne2 Be6 11. Bb2 Nd7 12. Nd2 f6 13. f4 Bd6 14. fxe5 Nxe5 15. Nc4 Nxc4 16. bxc4 Be5 17. Bxe5 Qxe5 18. Rb1 b6 19. Qe1 0-0 20. Qg3 Qxg3 21. Nxg3 Rab8 22. a4 Rb7 23. Rb2 Rfb8 24. Rfb1 Kf7 25. Kf2 Ke7 26. Ke3 Kd6 27. Kf4 Re7 28. a5 Kc7 29. axb6+ axb6 30. Ra1 Rf7 31. Ra7+ Rb7 32. Ra8 Bc8 33. Nf5 h5 34. Rxc8+ Kxc8 35. Nd6+ Kb8 36. Nxf7 Rxf7 37. Rxb6+ Kc7 38. Ra6 Kb7 39. Ra5 g6 40. Rxc5 Kb6 41. d4 Rd7 42. c3 Ra7 43. e5 fxe5+ 44. Rxe5 Ra3 45. Re3 Ra4 46. c5+ Kb5 47. Kg5 Kc4 48. Kxg6 h4 49. Kg5 Ra2 50. g3 Kd5 1-0

[Event "Volchok Memorial"]
[Site "Mykolaiv"]
[Date "2017.06.23"]
[Round "5"]
[White "Danilov, Leonid"]
[Black "Kulish, Vasiliy"]
[Result "1-0"]
[WhiteElo "2154"]
[BlackElo "1950"]
[PlyCount "99"]
[EventDate "2017.06.21"]
[EventType "swiss"]
[EventRounds "9"]
[EventCountry "UKR"]
[SourceTitle "CBM 179 Extra"]
[Source "ChessBase"]
[SourceDate "2017.08.23"]
[SourceVersion "1"]
[SourceVersionDate "2017.08.23"]
[SourceQuality "1"]

1. Nf3 Nf6 2. c4 d6 3. g3 g6 4. Bg2 Bg7 5. 0-0 0-0 6. Nc3 c6 7. Rb1 a5 8. a3 e5 9. d3 Re8 10. Ne1 Be6 11. b4 axb4 12. axb4 d5 13. cxd5 Nxd5 14. Bd2 Nd7 15. Ne4 Nf8 16. b5 f5 17. Nc5 Bc8 18. Qb3 Ne6 19. bxc6 bxc6 20. Qc4 Qd6 21. Nxe6 Bxe6 22. Qc1 Reb8 23. Rxb8+ Rxb8 24. Nc2 Rb3 25. Ne3 Nxe3 26. Bxe3 Bd5 27. Qc2 Rb8 28. Rc1 Bf8 29. Qa4 Qd8 30. Qa6 Ra8 31. Bxd5+ cxd5 32. Qe6+ Kh8 33. Qxe5+ Bg7 34. Qe6 Qg8 35. Qd7 Rd8 36. Qc7 Ra8 37. Bf4 Qe8 38. Qb7 Qg8 39. Rc7 Re8 40. Qc6 d4 41. Bg5 Re6 42. Qd7 Re8 43. Kf1 h6 44. Bf4 g5 45. Bd2 Be5 46. Rc5 Qf8 47. Bb4 Bd6 48. Rxf5 Qe7 49. Qxd6 Qxe2+ 50. Kg2 1-0